| 000 | 00706nam a2200205 u 4500 | ||
|---|---|---|---|
| 005 | 20240910064335.0 | ||
| 008 | 100309s2009 mx r 000 0 spa d | ||
| 020 | _a9786074320206 | ||
| 035 | _aUPN01000175045 | ||
| 049 | _aCG | ||
| 050 | 4 |
_aLC1031 _bV5.3 |
|
| 100 | 1 |
_aVillalobos Pérez-Cortés, Elvia Marveya _934512 |
|
| 245 | 1 | 0 |
_aEvaluación del aprendizaje basado en competencias / _cMarveya Villalobos Pérez-Cortés. |
| 260 |
_aMéxico : _bMinos Tercer Milenio, _c2009. |
||
| 300 |
_a222 p. : _bil. |
||
| 590 | _aBibliografía básica para el programa de maestría en educación básica | ||
| 650 | 4 |
_aEducación basada en competencias _913564 |
|
| 650 | 4 |
_aAprendizaje _92861 |
|
| 905 | _aLibro | ||
| 999 |
_c147149 _d147149 |
||